Ciberagresión entre iguales en el contexto educativo (Record no. 214621)
[ view plain ]
| 000 -CABECERA | |
|---|---|
| campo de control de longitud fija | 01851nab a2200265 i 4500 |
| 003 - IDENTIFICADOR DEL NÚMERO DE CONTROL | |
| campo de control | MX-MxUPN |
| 005 - FECHA Y HORA DE LA ÚLTIMA TRANSACCIÓN | |
| campo de control | 20260216105659.0 |
| 007 - CAMPO FIJO DE DESCRIPCIÓN FÍSICA--INFORMACIÓN GENERAL | |
| campo de control de longitud fija | cr a |
| 008 - ELEMENTOS DE LONGITUD FIJA--INFORMACIÓN GENERAL | |
| campo de control de longitud fija | 260216s2025 cl|q||||o|||| 00| 0 spa d |
| 040 ## - FUENTE DE LA CATALOGACIÓN | |
| Centro catalogador/agencia de origen | MX-MxUPN |
| Lengua de catalogación | spa |
| Centro/agencia transcriptor | MX-MxUPN |
| 041 0# - CÓDIGO DE IDIOMA | |
| Código de lengua del texto/banda sonora o título independiente | spa |
| 100 1# - ASIENTO PRINCIPAL--NOMBRE PERSONAL | |
| Nombre de persona | Pérez Torres, Vanesa |
| 9 (RLIN) | 58777 |
| 100 1# - ASIENTO PRINCIPAL--NOMBRE PERSONAL | |
| Nombre de persona | Altuna, Jon |
| 9 (RLIN) | 58778 |
| 245 10 - MENCIÓN DE TÍTULO | |
| Título | Ciberagresión entre iguales en el contexto educativo |
| Medio | [recurso electrónico en línea] |
| 506 0# - NOTA DE RESTRICCIONES AL ACCESO | |
| Limitaciones de acceso | Acceso abierto. |
| 520 3# - NOTA DE RESUMEN, ETC. | |
| Sumario, etc. | La ciber agresión es cualquier comportamiento realizado mediante el uso de la tecnología que tiene la intención de dañar a otra(s) persona(s). El objetivo de este estudio es explorar las conductas de ciber agresión en un grupo de adolescentes y analizar sus diferencias por edad y género. Participaron 1981 adolescentes (49.7% chicos; 50.3% chicas) de educación secundaria (Medad =12.9, DT = 1.73). Los chicos obtienen mayor puntuación que las chicas en comportamientos vinculados a la agresión. A mayor edad existe mayor número de comportamientos de ciber agresión. En ambos casos las diferencias entre grupos son estadísticamente significativas. Los adolescentes mayores tienen un uso más frecuente, mayor autonomía en uso de redes sociales y menor control parental, lo que podría aumentar la prevalencia en ciber agresión. Los chicos suelen socializarse con comportamientos directos de agresión, rasgos de fuerza y valentía que pueden influir sobre su rol como perpetradores de ciber agresión. |
| 653 0# - TERMINO DE INDIZACION - NO CONTROLADO | |
| Término no controlado | Agresión entre pares |
| 650 #4 - ASIENTO SECUNDARIO DE MATERIA - TERMINO TEMATICO | |
| Término de materia o nombre geográfico como elemento de entrada | Redes sociales |
| 9 (RLIN) | 15749 |
| 650 #4 - ASIENTO SECUNDARIO DE MATERIA - TERMINO TEMATICO | |
| Término de materia o nombre geográfico como elemento de entrada | Internet |
| 9 (RLIN) | 547 |
| 650 #0 - ASIENTO SECUNDARIO DE MATERIA - TERMINO TEMATICO | |
| Término de materia o nombre geográfico como elemento de entrada | Adolescentes |
| 9 (RLIN) | 1014 |
| 773 ## - ENLACE AL DOCUMENTO FUENTE/ENTRADA DE REGISTRO ANFITRIÓN | |
| Parte(s) relacionada(s) | Vol. 51, no 2 (2025), p.309-323 |
| Título | Estudios pedagógicos |
| Número Internacional Normalizado para Publicaciones Seriadas | 0718-0705 |
| 856 40 - LOCALIZACIÓN Y ACCESO ELECTRÓNICOS | |
| Identificador Uniforme del Recurso | <a href="http://revistas.uach.cl/index.php/estped/article/view/7937">http://revistas.uach.cl/index.php/estped/article/view/7937</a> |
| 902 ## - ELEMENTOS DE DATOS B LOCAL, LDB (RLIN) | |
| Creó | Víctor Ruiz/160226 |
| 942 ## - ELEMENTOS DE PUNTO DE ACCESO ADICIONAL (KOHA) | |
| Fuente del sistema de clasificación o colocación | Library of Congress Classification |
| Tipo de ítem Koha | Artículo Electrónico |
| Estado de retiro | Estado de pérdida | Fuente del sistema de clasificación o colocación | Estado dañado | No para préstamo | Código de colección | Localización permanente | Ubicación/localización actual | Ubicación en estantería | Fecha de adquisición | Total de préstamos | Fecha visto por última vez | Identificador Uniforme del Recurso | Precio válido a partir de | Tipo de ítem Koha |
|---|---|---|---|---|---|---|---|---|---|---|---|---|---|---|
| Library of Congress Classification | Acceso abierto | Bib. Gregorio Torres Quintero | Bib. Gregorio Torres Quintero | En línea | 16/02/2026 | 16/02/2026 | http://revistas.uach.cl/index.php/estped/article/view/7937 | 16/02/2026 | Artículo Electrónico |
